| 000 | 00777cad a22002055a 4500 | ||
|---|---|---|---|
| 001 | L150952 | ||
| 008 | 100916s2010 xxk f 000 0 eng d | ||
| 035 | _a(Sirsi) u150952 | ||
| 041 | 0 | _aeng | |
| 050 | 0 | 4 | _a690.22 $2 18 |
| 110 | 2 |
_aGreat Britain _bHealth and Safety Executive |
|
| 245 | 0 | 0 |
_aConstruction Infonet _bAugust 2010 _h[electronic resource] |
| 260 |
_a[S.I.] _bHSE _c2010 |
||
| 520 | _ae-Bulletin from the Health and Safety Executive (HSE) provides a regular update on health and safety issues for all in the construction industry. | ||
| 590 | _aKA NTK | ||
| 651 | 4 |
_aUnited Kingdom _y |
|
| 690 |
_aHealth and safety _96244 |
||
| 856 | 4 | 8 |
_uhttps://www.hse.gov.uk/construction/ebulletins/aug10.htm _zView the website free of charge at www.hse.gov.uk |
| 942 | _n0 | ||
| 999 |
_c111053 _d111053 |
||